Rap God Lyrics (#2) - Statistics

General Stats
  • This quiz has been taken 14 times
  • The average score is 14 of 21
Answer Stats
Answer % Correct
Cake
100%
Bake
90%
Batter
80%
Lemonade
80%
Abroad
70%
Hatred
70%
Lemons
70%
Mistake
70%
Understand
70%
Discrimination
60%
Handing
60%
Life's
60%
Patient
60%
Retard
60%
Supposed
60%
Trip
60%
Fatal
50%
Situation
50%
Sympathetic
50%
Overseas
40%
Vacation
40%
No matching quizzes found
Score Distribution
Percent of People with Each Score
Percentile by Number Answered
Your Score History
You have not taken this quiz